Emotional Intelligence Among Executives/ (Record no. 205317)

MARC details
000 -LEADER
fixed length control field 00582 a2200169 4500
010 ## - LCCN (DPL NO)
LC control number ENG-141471
020 ## - INTERNATIONAL STANDARD BOOK NUMBER
International Standard Book Number 9788123420141
Terms of availability 110.00
035 ## - SYSTEM CONTROL NUMBER
System control number EN-125003
037 ## - SOURCE OF ACQUISITION
Source of stock number/acquisition DBAD
082 14 - DEWEY DECIMAL CLASSIFICATION NUMBER
Classification number 158.1
Edition number First
100 ## - MAIN ENTRY--PERSONAL NAME
Personal name Kavidasan
245 1# - TITLE STATEMENT
Title Emotional Intelligence Among Executives/
Statement of responsibility, etc edited by Kavidasan
260 ## - PUBLICATION, DISTRIBUTION, ETC. (IMPRINT)
Place of publication, distribution, etc Chennai
Name of publisher, distributor, etc New Century Book House (P) Ltd
Date of publication, distribution, etc 2011
270 ## - ADDRESS
Address 41-B, Sidco Industrial Estate ,Ambattur
City Tamilnadu
Postal code 600098
Electronic mail address ncbhbook@yahoo.co.in
Telephone number 26359906
300 ## - PHYSICAL DESCRIPTION
Extent 158p.:
Dimensions 21cm(Pb)
942 ## - ADDED ENTRY ELEMENTS (KOHA)
Institution code [OBSOLETE] dpl
Item type English Books
Source of classification or shelving scheme Dewey Decimal Classification
Classification part 158.1
Call number suffix KAV
Edition First
Holdings
Withdrawn status Lost status Not for loan Collection code Home library Current library Date acquired Source of acquisition Cost, normal purchase price Full call number Barcode Copy number Cost, replacement price Koha item type
      Non-fiction Shahdara Branch Shahdara Branch 27/08/2024 DBAD 110.00 158.1 KAV EN-125003 1 110.00 English Books

© Delhi Public Library
Hit Counter
free hit counter